Statistics for Suburbs: guess the city

Click here to take the quiz!

General Stats

  • This quiz has been taken 7 times
  • The average score is 10 of 20

Answer Stats

HintAnswer% Correct
KobeOsaka
100%
BurbankLos Angeles
86%
North ShieldsNewcastle-upon-Tyne
86%
CiampinoRome
86%
BeşiktaşIstanbul
71%
BarnetLondon
71%
Hod HaSharonTel Aviv
71%
PoppenbüttelHamburg
57%
Qurban Police LinesLahore
43%
VilleurbanneLyon
43%
ChangiSingapore
43%
ManlySydney
43%
Les EucalyptusAlgiers
29%
Jacques OpangaultBrazzaville
29%
San FranciscoMaracaibo
29%
VFAC (Very Far-Away Condos)Addis Ababa
14%
GbagadaLagos
14%
AlgiersNew Orleans
14%
InterlagosSao Paulo
14%
Thames TownShanghai
14%

Score Distribution

Percentile by Number Answered

Percent of People with Each Score

Your Score History

You have not taken this quiz